Lugares famosos del mundo! - Estadísticas

Estadísticas generales
  • Esta prueba ha sido intentada 76 veces
  • La puntuación promedio es 14 de 15
Estadísticas de respuestas
Pista Lugar % Correcto
Este desierto es el más grande del mundo y se encuentra en el norte de África. Desierto del Sahara
100%
Este famoso muro dividió una ciudad durante la Guerra Fría. Muro de Berlín
100%
Este monumento está en París y es conocido por su estructura metálica. Torre Eiffel
100%
Este río fluye por Sudamérica y es uno de los más largos y caudalosos del mundo. Amazonas
98%
Este famoso monumento está en la ciudad de Roma y es conocido por sus antiguos gladiadores. El Coliseo
98%
Este monte es el más alto del mundo y está en la frontera entre Nepal y China. Everest
98%
Gran fortificación construida para proteger China de invasiones, conocida por su enorme longitud y su historia milenaria. Gran Muralla China
97%
Este famoso río atraviesa Egipto y es conocido por ser uno de los más largos del mundo. Nilo
95%
Ciudad conocida como 'La Ciudad de los Canales'. Venecia
95%
Esta ciudad es famosa por su torre inclinada que atrae a millones de turistas cada año. Pisa
94%
Este monumento en India es un mausoleo de mármol blanco, famoso por su arquitectura impresionante. Taj Mahal
92%
Este monumento gigante en Brasil es una estatua de Jesucristo, conocida por su brazo extendido. Cristo Redentor
88%
Esta famosa ciudad en Egipto está cerca de las pirámides y es conocida por su rica historia faraónica. El Cairo
78%
Este puente colgante conecta San Francisco con Marin County. Golden Gate
77%
Esta famosa plaza está en Moscú y es conocida por ser el corazón de la ciudad, con una impresionante catedral. Plaza Roja
56%
No se encontraron pruebas coincidentes
Distribución de puntuación
Porcentaje de gente con cada puntuación
Porcentaje por número respondido
Historial de tus puntuaciones
No has intentado esta prueba.